00695nam a22001817a 450000500170000001000150001702000270003203500140005903700090007308200150008224501360009725000070023326000620024027001200030230000280042270000320045070000310048220251107152156.0 aENG-147052 a9788119896752c2290.00 aEN-130584 bDBAD a610.73211 aKozier & Erb’s Fundamentals of Nursing/bConcepts, Process and Practice/cAudrey Berman; Shirlee J. Snyder [and] Geralyn Frandsen a11 aChennai bPearson India Education Services Pvt.Ltd.c2025 aFeatherlite,' The Address' 5th Floor, Survey No 203/10B,200 Ft MMRD Road, Zamin Pallavaram,ChennaibChennaie600044 a1554p.c27cm(Pb)bIndex aSnyder, Shirlee J. eAuthor aFrandsen, Geralyn eAuthor